书目信息 |
| 题名: |
科克曼女生问题
|
|
| 作者: | 罗见今 著 | |
| 分册: | ||
| 出版信息: | 沈阳 辽宁教育出版社 1987 |
|
| 页数: | 204页 | |
| 开本: | 20cm | |
| 丛书名: | 世界数学名题欣赏 | |
| 单 册: | ||
| 中图分类: | O157.2 | |
| 科图分类: | ||
| 主题词: | 代数 , 数论 , 组合数学 | |
| 电子资源: | ||
| ISBN: | 7-5382-1002-4 | |
| 000 | 00627nam0 2200229 450 | |
| 001 | 0732828906 | |
| 005 | 20070903090708.90 | |
| 010 | @a7-5382-1002-4@d¥7.30 | |
| 100 | @a20070903d km y0chiy0120 ea | |
| 101 | 0 | @achi |
| 200 | 1 | @a科克曼女生问题@Ake ke man nu sheng wen ti@f罗见今著@Fluo jian jin zhu |
| 210 | @a沈阳@c辽宁教育出版社@d1987 | |
| 215 | @a204页@d20cm | |
| 225 | 2 | @a世界数学名题欣赏 |
| 410 | 0 | @12001 @a世界数学名题欣赏 |
| 606 | 0 | @a代数 |
| 606 | 0 | @a数论 |
| 606 | 0 | @a组合数学 |
| 690 | @aO157.2@v3 | |
| 701 | 0 | @a罗见今@Aluo jian jin@4著 |
| 801 | 0 | @aCN@bPFT@c20070903 |
| 905 | @a213230@dO157.2@eS49@f1 | |
| 科克曼女生问题/罗见今著.-沈阳:辽宁教育出版社,1987 |
| 204页;20cm.-(世界数学名题欣赏) |
| ISBN 7-5382-1002-4:¥7.30 |
| ● |
| 相关链接 |
|
|
|
|
正题名:科克曼女生问题
索取号:O157.2/S49
 
预约/预借
| 序号 | 登录号 | 条形码 | 馆藏地/架位号 | 状态 | 备注 |
| 1 | 6701327 | 267013279 | 密集书库-数信学院/ [索取号:O157.2/S49] | 在馆 |